ბათუმის შოთა რუსთაველის სახელმწიფო უნივერსიტეტის ბიბლიოთეკა

Fundamentals of Musculoskeletal Imaging (ბიბ.ჩანაწერი № 57384)

000 -LEADER
fixed length control field 00797nam a22002177a 4500
005 - DATE AND TIME OF LATEST TRANSACTION
control field 20221107115952.0
008 - FIXED-LENGTH DATA ELEMENTS--GENERAL INFORMATION
fixed length control field 200615b2014 enk||||| |||| 00| 0 eng d
020 ## - INTERNATIONAL STANDARD BOOK NUMBER
International Standard Book Number 9780803638211 X
040 ## - CATALOGING SOURCE
Original cataloging agency eng
080 ## - UNIVERSAL DECIMAL CLASSIFICATION NUMBER
Universal Decimal Classification number 616.7 M-78
100 ## - MAIN ENTRY--PERSONAL NAME
Personal name McKinnis, Lynn
9 (RLIN) 8389
245 ## - TITLE STATEMENT
Title Fundamentals of Musculoskeletal Imaging
Statement of responsibility, etc. Lynn McKinnis, Lynn N McKinnis
250 ## - EDITION STATEMENT
Edition statement 4th edition
264 ## - PRODUCTION, PUBLICATION, DISTRIBUTION, MANUFACTURE, AND COPYRIGHT NOTICE
Place of production, publication, distribution, manufacture Philadelphia :
Name of producer, publisher, distributor, manufacturer F.A. Davis Company,
Date of production, publication, distribution, manufacture, or copyright notice 2014.
300 ## - PHYSICAL DESCRIPTION
Extent 696 p.
Other physical details 28 cm.
653 ## - INDEX TERM--UNCONTROLLED
keyword საყრდენ მამოძრავებელი სისტემა
653 ## - INDEX TERM--UNCONTROLLED
keyword კუნთების ვიზუალიზაციის საფუძვლები
653 ## - INDEX TERM--UNCONTROLLED
keyword მედიცინა
700 ## - ADDED ENTRY--PERSONAL NAME
Personal name McKinnis, Lynn N
Relator term ავტორი
9 (RLIN) 8390
942 ## - ADDED ENTRY ELEMENTS (KOHA)
Source of classification or shelving scheme
Koha item type წიგნი
ეგზემპლარები
Withdrawn status Lost status Source of classification or shelving scheme Damaged status Not for loan Permanent Location Current Location Shelving location Date acquired Cost, normal purchase price Full call number Barcode Date last seen Copy number Price effective from Koha item type Public note
          ბათუმის შოთა რუსთაველის სახელმწიფო უნივერსიტეტის მთავარი ბიბლიოთეკა ბათუმის შოთა რუსთაველის სახელმწიფო უნივერსიტეტის მთავარი ბიბლიოთეკა წიგნსაცავი 2020-06-15 315.00 616.7 M-78 60581 2020-06-15 60581 2020-06-15 წიგნი 315 ლ.